000
00288nam a22001097a 4500
082
_a
355.02 HAR'D
100
_a
HART, B. H LIDDELL
_9
46426
245
_a
THE DECISIVE WARS OF HISTORY, A STUDY IN STATEGY
260
_a
RAWALPINDI
_b
ARMY EDUCATION PRESS
_c
1990
300
_a
242P
942
_c
BK
999
_c
574600
_d
574600